| 000 | 01353cam a2200301 a 4500 | ||
|---|---|---|---|
| 001 | 000010570 | ||
| 005 | 20200929162242.0 | ||
| 008 | 930129s1990 ag ach b 000 0 spa | ||
| 020 | _a8400070321 | ||
| 035 | _a(DLC) 93109226 | ||
| 040 |
_aDO-SdBNP _bspa _cDLC _dBNPHU |
||
| 082 |
_aC861.2 _bS586ó |
||
| 100 | 1 |
_aSilva, José Asunción, _d1865-1896. _925642 |
|
| 245 | 1 | 0 |
_aObra completa / _cJosé Asunción Silva ; coordinador Héctor H. Orjuela. |
| 250 | _aed. crítica. | ||
| 260 |
_aArgentina : _bMinisterio de Relaciones Exteriores ; _aBrasil : _bConsejo Nacional de Desenvolvimiento Científico y Tecnológico ; _aColombia : _bPesidencia de la República ; _aMéxico : _bConsejo Nacional para la Cultura y las Artes ; _aEspaña : _bConsejo Superior de Investigaciones Científicas, _c1990. |
||
| 300 |
_axl, 748 p. : _bil., retrs., fascím. ; _c25 cm. |
||
| 490 | 1 |
_aArchivos _v7 |
|
| 504 | _aIncluye bibliografía: (p. 703-715). | ||
| 600 | 1 | 0 |
_aSILVA, JOSÉ ASUNCIÓN, _d1865-1896. _xCRÍTICA E INTERPRETACIÓN _919183 |
| 650 | 4 |
_aPoetas colombianos _xCrítica e interpretación _925643 |
|
| 650 | 4 |
_aPoesía colombiana _93742 |
|
| 650 | 4 |
_aLiteratura colombiana _xCrítica e interpretación _ySIGLO XIX _925644 |
|
| 700 | 1 |
_aOrjuela, Hector H. _925645 |
|
| 830 | 0 |
_aArchivos ; _v7 _914634 |
|
| 910 | _aCatalogación por copia / LC | ||
| 049 | _aBNGR | ||
| 999 |
_c10328 _d10328 |
||